Magistratura estadual / (Record no. 1400)

MARC details
000 -LÍDER
Campo Fixo de Controle 00977nam a2200265 a 4500
001 - NÚMERO DE CONTROLE
Campo de Controle 1400
003 - IDENTIFICAÇÃO DO NÚMERO DE CONTROLE
Campo de Controle BR-CuiBMT
005 - DATA E HORA DA ÚLTIMA ATUALIZAÇÃO
Campo de Controle 20231206213128.0
008 - DADOS FIXOS
Dados Fixos 231206s2015 baba 000 0 por d
020 ## - INTERNATIONAL STANDARD BOOK NUMBER
Nº do ISBN 8544205437
040 ## - AGÊNCIA CATALOGADORA
Código da Agência Catalogadora BR-CuiBMT
Agência que transcreveu o registro BR-CuiBMT
080 ## - Nº DA CLASSIFICAÇÃO DECIMAL UNIVERSAL
Nº Class. CDU 347.962
Subd. Auxiliar Comum (079.1)
Nº edição CDU 2007
090 ## - NÚMERO DE CHAMADA
Nº classificação 347.962(079.1)
Cutter M194
245 00 - TÍTULO PRINCIPAL
Título principal Magistratura estadual /
Indicação de responsabilidade Coordenador: Maurício Ferreira Cunha ; [autores Francisco Vicente Rossi ... et al.]
260 ## - PUBLICAÇÃO, DISTRIBUIÇÃO, ETC.
Local de publicação Salvador :
Editora JusPODIVM,
Data 2015.
300 ## - DESCRIÇÃO FÍSICA
N. páginas ou volumes 226 p. ;
Dimensões 24 cm
490 1# - INDICAÇÃO DE SÉRIE
Título da série Coleção preparando para concursos. Questões discursivas comentadas ;
650 ## - ASSUNTO TÓPICO
Cabeçalho tópico ou nome geográfico Serviço público
Subdivisão de forma concursos
Subdivisão geográfica Brasil
650 ## - ASSUNTO TÓPICO
Cabeçalho tópico ou nome geográfico Direito
Subdivisão de forma Problemas, questões, exercícios
Subdivisão geográfica Brasil
650 ## - ASSUNTO TÓPICO
Cabeçalho tópico ou nome geográfico Juízes
Subdivisão de forma Exames
Subdivisão geográfica Brasil
700 ## - ENTRADA SECUNDÁRIA -- NOME PESSOAL
Nome pessoal Cunha, Maurício Ferreira
Cód. do termo explicativo Coord.
700 ## - ENTRADA SECUNDÁRIA -- NOME PESSOAL
Nome pessoal Rossi, Francisco Vicente
Cód. do termo explicativo et al.
-- autores
830 ## - ENTRADA SECUNDÁRIA DE SÉRIE -- TÍTULO UNIFORME
Título uniforme Preparando para concursos. Questões discursivas comentadas ;
942 ## - ELEMENTOS DE ENTRADA ADICIONAIS (KOHA)
Fonte de classificação ou esquema de arquivamento Classificação Decimal Universal
Tipo de item do Koha Livros
Holdings
Estado: removido Estado: perdido Fonte de classificação ou esquema de arquivamento Estado: danificado Indisponível para empréstimo Localização permanente Localização atual Data de aquisição Total Checkouts Número de Chamada completo Código de barras Date last seen Número do exemplar Preço efetivo a partir de Tipo de item (Koha)
    Classificação Decimal Universal     Biblioteca da Escola Superior de Contas do TCE/MT Biblioteca da Escola Superior de Contas do TCE/MT 06/12/2023   347.962(079.1) M194 BIBTCEMT23120282 06/12/2023 Ex. 1 06/12/2023 Livros

Powered by Koha